000 00735nam a2200265Ia 4500
003 OSt
005 20221006153103.0
006 a|||||r|||| 00| 0
007 ta
008 221006b |||||||| |||| 00| 0 kor d
020 _a9788975990625
024 _a31,241
037 _bGift, Korea Foundation
_cTextual
040 _aEASL
_cEASL
_bkor
041 _2kor
_akor
082 _aV42:191,(zP), P0
100 _aLee Seungwan
_9662436
245 0 _aIlponae Jonhoo Waegyo Anbo Chedo
260 _aDeajon
_bChungnam University Korea
_c2000
300 _a111p.
_ccm.
490 _v KL
650 _aKL
942 _hV42:191,(zP), P0
_cTEXL
_2CC
999 _c1099327
_d1099327